[Event "Karaganda"]
[Site "Karaganda"]
[Date "2009.11.27"]
[Round "4"]
[White "Torgovitsky, Vadim"]
[Black "Kulyishov, Sain"]
[Result "1/2-1/2"]
[WhiteElo "2177"]
[BlackElo "1949"]
[PlyCount "65"]
[EventDate "2009.11.24"]
[EventType "tourn"]
[EventRounds "14"]
[EventCountry "KAZ"]
[SourceTitle "CBM 133 Extra"]
[Source "ChessBase"]
[SourceDate "2010.01.05"]
[SourceVersion "1"]
[SourceVersionDate "2010.01.05"]
[SourceQuality "1"]

1. Nc3 d5 2. e4 d4 3. Nce2 e5 4. Nf3 Nc6 5. Ng3 Be6 6. Bb5 Bd6 7. 0-0 Nge7 8. d3 Qd7 9. Nd2 h5 10. Nc4 h4 11. Nxd6+ Qxd6 12. Ne2 0-0-0 13. f4 f6 14. f5 Bf7 15. Ba4 Bh5 16. Bb3 g6 17. fxg6 Nxg6 18. Bd2 Nf4 19. Bxf4 exf4 20. Qd2 f3 21. gxf3 Ne5 22. Qf4 Rd7 23. Qxh4 Rdh7 24. Qf4 Bxf3 25. Rxf3 Nxf3+ 26. Qxf3 Rxh2 27. Rf1 R8h3 28. Qg4+ Kd8 29. Qg8+ Kd7 30. Qf7+ Kd8 31. Qg8+ Kd7 32. Qf7+ Kc6 33. Qc4+ 1/2-1/2

[Event "Karaganda"]
[Site "Karaganda"]
[Date "2009.11.25"]
[Round "2"]
[White "Torgovitsky, Vadim"]
[Black "Arestanov, Timur"]
[Result "0-1"]
[WhiteElo "2177"]
[BlackElo "2243"]
[PlyCount "48"]
[EventDate "2009.11.24"]
[EventType "tourn"]
[EventRounds "14"]
[EventCountry "KAZ"]
[SourceTitle "CBM 133 Extra"]
[Source "ChessBase"]
[SourceDate "2010.01.05"]
[SourceVersion "1"]
[SourceVersionDate "2010.01.05"]
[SourceQuality "1"]

1. Nc3 d5 2. e4 d4 3. Nce2 g6 4. Nf3 c5 5. Ng3 Bg7 6. Bc4 Nc6 7. 0-0 Nf6 8. d3 0-0 9. h3 Na5 10. Bb3 b5 11. a3 Nxb3 12. cxb3 Bb7 13. Nd2 e5 14. a4 a6 15. Nf3 Ne8 16. Nh2 Nd6 17. f4 f5 18. fxe5 Bxe5 19. Bf4 Bxf4 20. Rxf4 Qg5 21. Ne2 fxe4 22. Rxf8+ Rxf8 23. Qc1 e3 24. g4 Qd5 0-1

[Event "Karaganda"]
[Site "Karaganda"]
[Date "2009.11.24"]
[Round "1"]
[White "Kassimov, Baurzhan"]
[Black "Torgovitsky, Vadim"]
[Result "1-0"]
[WhiteElo "2248"]
[BlackElo "2177"]
[PlyCount "63"]
[EventDate "2009.11.24"]
[EventType "tourn"]
[EventRounds "14"]
[EventCountry "KAZ"]
[SourceTitle "CBM 133 Extra"]
[Source "ChessBase"]
[SourceDate "2010.01.05"]
[SourceVersion "1"]
[SourceVersionDate "2010.01.05"]
[SourceQuality "1"]

1. e4 c5 2. Nf3 d6 3. d4 cxd4 4. Nxd4 Nf6 5. f3 a6 6. c4 e6 7. Nc3 Be7 8. Be3 0-0 9. Be2 Nc6 10. 0-0 Qc7 11. Rc1 Bd7 12. Nd5 Qd8 13. Nxe7+ Qxe7 14. Qd2 Ne8 15. Rfd1 Nxd4 16. Bxd4 Rc8 17. Qb4 Bc6 18. e5 Qc7 19. exd6 Qd7 20. c5 f6 21. Bc4 Kh8 22. Qb3 Ba4 23. Bxe6 Bxb3 24. Bxd7 Bxd1 25. Bxc8 Ba4 26. Bxb7 Bb5 27. b3 Rf7 28. Bd5 Rd7 29. a4 Bd3 30. Bc6 Rd8 31. Bxe8 Rxe8 32. d7 1-0